Máy và thiết bị lạnh Giáo trình Cao đẳng và Công nhân điện lạnh

Giáo trình cung cấp cho học viên các kiến thức thực tế cơ bản về kết cấu, cấu tạo, nguyên lý làm việc, phương pháp vận hành, duy tu, bảo dưàng, sửa chữa, lựa chọn máy lạnh và thiết bị lạnh

Guardado en:
Detalles Bibliográficos
Autor principal: Nguyễn Đức Lợi
Formato: Libro
Lenguaje:Undetermined
Publicado: Hà Nội Giáo Dục 1997
Materias:
Etiquetas: Agregar Etiqueta
Sin Etiquetas, Sea el primero en etiquetar este registro!
Thư viện lưu trữ: Trung tâm Học liệu Trường Đại học Cần Thơ
LEADER 00944nam a2200193Ia 4500
001 CTU_27811
008 210402s9999 xx 000 0 und d
082 |a 621.57 
082 |b L462 
100 |a Nguyễn Đức Lợi 
245 0 |a Máy và thiết bị lạnh 
245 0 |b Giáo trình Cao đẳng và Công nhân điện lạnh 
245 0 |c Nguyễn Đức Lợi, Phạm Văn Tùy 
260 |a Hà Nội 
260 |b Giáo Dục 
260 |c 1997 
520 |a Giáo trình cung cấp cho học viên các kiến thức thực tế cơ bản về kết cấu, cấu tạo, nguyên lý làm việc, phương pháp vận hành, duy tu, bảo dưàng, sửa chữa, lựa chọn máy lạnh và thiết bị lạnh 
650 |a low temperature engineering,refrigeration and refrigerating machinery 
980 |a Trung tâm Học liệu Trường Đại học Cần Thơ